Solar energy in buildings /

Uloženo v:
Podrobná bibliografie
Hlavní autoři: Chauliaguet, Charles (Autor), Baratsabal, Pierre (Autor), Batellier, Jean-Pierre (Autor)
Další autoři: McMullan, J. (Překladatel)
Médium: Kniha
Jazyk:čeština
Vydáno: Chichester : John Wiley & Sons, 1977
Edice:rz1
On-line přístup: Získat plný text
Tagy: Přidat tag
Žádné tagy, Buďte první, kdo vytvoří štítek k tomuto záznamu!

MARC

LEADER 00000cam a2200000 4500
003 SK-BrCVT
005 20220618084115.0
008 091026s1977 cs e ||||||cze d
035 |a CVTIDWR030108 
040 |a    |b slo  |c    |d   
041 0 |a cze 
044 |a cs 
100 |a Chauliaguet, Charles  |4 aut 
245 1 0 |a Solar energy in buildings /  |c Charles Chauliaguet, Pierre Baratsabal, Jean-Pierre Batellier ; preložil J. McMullan 
260 3 |a Chichester :  |b John Wiley & Sons,  |c 1977 
300 |a 13, 174 s. 
700 |a Baratsabal, Pierre  |4 aut 
700 |a Batellier, Jean-Pierre  |4 aut 
700 |a McMullan, J.  |4 trl 
830 |a rz1 
974 |f Knihy 
999 |c 205554  |d 205554